000 00859nam a2200217 u 4500
005 20210223131203.0
008 091125s2000 es r 000 0 spa d
020 _a8481643637
035 _aUPN01000173957
049 _aCG
050 4 _aBT695.5
_bB6.3
100 1 _aBoff, Leonardo,
_d1938-
_938204
245 1 3 _aLa dignidad de la tierra :
_becología, mundialización, espiritualidad : la emergencia de un nuevo paradigma /
_cLeonardo Boff ; tr. José Luis Castañeda Cagigas.
260 _aValladolid, Esp. :
_bTrotta,
_c2000.
300 _a187 p.
440 0 _aEstructuras y procesos.
_pReligión
534 _pTítulo original:
_tEcologia, mundializacáo, espiritualidade : a emergéncia de um novo paradigma
650 4 _aECOLOGIA HUMANA -
_xASPECTOS RELIGIOSOS -
_xCRISTIANISMO
_915098
650 4 _aTEOLOGIA DE LA LIBERACION
_915097
905 _aLibro
999 _c146061
_d146061